| 000 | 00497pab a2200169 454500 | ||
|---|---|---|---|
| 008 | 180718b2014 xxu||||| |||| 00| 0 eng d | ||
| 100 | _aPrasad, N. Purendra | ||
| 245 | _aChanging structure of governance in non-metropolitan cities: A study in Andhra Pradesh | ||
| 260 | _c2014 | ||
| 300 | _ap.82-91. | ||
| 362 | _a31 May | ||
| 650 | _aUrban development - India - Andhra Pradesh | ||
| 650 | _aUrban development | ||
| 773 | _aEconomic and Political Weekly | ||
| 908 | _aN | ||
| 909 | _a104440 | ||
| 999 |
_c104436 _d104436 |
||